000 00558cam a22002291 4500
001 sa 64007822
003 DLC
005 20260227112050.0
008 890705s1962 ii 000 0 urdr
010 _asa 64007822
035 _a(OCoLC)19965298
040 _aDLC
_cWaU
_dDLC
042 _apremarc
050 0 0 _aBP130.8
_b.K3
100 0 _aKarīmī al-Iḥsānī.
245 1 0 _aQuʼrān kī faz̤īlat.
260 _c[1962?]
300 _a62 p.
_c18 cm.
500 _aIn Urdu.
500 _aText partially vocalized.
630 0 0 _aQurʼan
_xReading.
999 _c60518
_d60518